000 00474nam a2200169Ia 4500
999 _c25360
_d25360
003 OSt
005 20201208120719.0
008 190216s9999||||xx |||||||||||||| ||und||
040 _coclc
082 _a894.812
_bRAJ/Y
100 _aRajalakshmi, P J
_97289
245 0 _aYavanadarsanam /
_cP J Rajalakshmi
260 _bNbs Kottayam,
_aKottayam:
_c1979.
300 _a114p
650 _aNiroopanam
942 _cBK
_2ddc
_h894.812
_iRAJ/Y
_k894.812
_mRAJ/Y